000 01074nam a22003497a 4500
001 BR8800053
003 BR-BrBNA
005 20230928092811.0
007 ta
008 230509b bl.||||| |||| 00| 0 por d
040 _aBR-BrBNA
_bpor
_cBiblioteca Nacional de Agricultura
041 _a(Por)
072 _aE50; E10; E12
_b/G514
090 _ E50 BR8800053
110 1 _aInstituto Paranaense de Desenvolvimento Economico e Social - Fundacao Edison Vieira, Curitiba, PR (Brasil)
_96558
245 1 _aCaracteristicas socio-economica da colonia Tomas Coelho [Parana, Brasil]
260 3 _aCuritiba, PR (Brasil):
_c1987.
300 _a57 p.
500 _a13 ref.; 4 tables. (*) Documento disponível na(o) IPARDES, Curitiba, PR (Brazil)
650 _aEMPREGO
650 _aMAO-DE-OBRA
650 _aPRODUCAO ANIMAL
650 _aCREDITO AGRICOLA
650 _aINSUMO
650 _aSALARIO
650 _aDEMOGRAFIA
650 _aSANEAMENTO RURAL
650 _aPOSSE DE TERRA
650 _aPARANA
909 _a202309
_bLucia
_c55
_dLucia Elande
942 _cBK
999 _c41273
_d41273